000 00400 a2200157 4500
001 74533
020 _a852600248-0
040 _cAnchieta - Colégio São Paulo
100 _aCampos, Paulo Mendes
240 1 0 _aOs melhores poemas de Paulo Mendes Campos
_lpor
245 1 0 _aOs melhores poemas de Paulo Mendes Campos
300 _a212
362 0 _a1990
650 4 _aPoesia portuguesa
942 _cBK
999 _c74533
_d74533